| 000 | 00394pab a2200157 454500 | ||
|---|---|---|---|
| 008 | 180718b2000 xxu||||| |||| 00| 0 eng d | ||
| 100 | _aSingh, N.P. | ||
| 245 | _aInformation Technology Act - an overview | ||
| 260 | _c2000 | ||
| 300 | _ap.4-6 | ||
| 362 | _aSep | ||
| 650 | _aInformation Technology Act, 2000 | ||
| 650 | _aInformation technology | ||
| 773 | _aCBI Bulletin | ||
| 909 | _a47374 | ||
| 999 |
_c47374 _d47374 |
||